Normal view MARC view
  • Fernández, Marisol

Entry Nombre Personal

Number of records used in: 1

001 - NUMERO DE CONTROL

  • campo de control: 47186

003 - IDENTIFICADOR DE NUMERO DE CONTROL

  • campo de control: UPN

005 - FECHA Y HORA DE LA ÜLTIMA TRANSACCIÓN

  • campo de control: 20221025144440.0

008 - DATOS DE LONGITUD FIJA

  • campo de control de longitud fija: 221025|| az|nnaaan a aba d

040 ## - FUENTE DE CATALOGACIÓN

  • Agencia original de catalogación: MX-MxUPN2022
  • Lenguaje de catalogación: spa
  • Description conventions: rda

100 1# - ENCABEZAMIENTO - NOMBRE PERSONAL

  • Nombre personal: Fernández, Marisol

374 ## - OCUPACIÓN

  • Occupation: Ilustradora

670 ## - FUENTE EN LA QUE SE LOCALIZARON DATOS

  • Cita de la fuente: Una vez, un bosque, 2007:
  • Información localizada: portada (Ilustraciones de Marisol Fernández)

902 ## - CATALOGADOR

  • Catalogador: VAGG/251022